| 000 | 00387nam a2200145Ia 4500 | ||
|---|---|---|---|
| 008 | 230917s9999||||xx |||||||||||||| ||und|| | ||
| 040 |
_e206156 _aMAIN |
||
| 041 | _aEnglish | ||
| 082 | _a330.1 U1W(2012) | ||
| 100 | _aUnited Nations | ||
| 245 | 0 | _aWorld economic situation and prospects 2012 | |
| 260 |
_aNew Delhi _bAcademic Foundation _c2012 |
||
| 300 | _axxvi, 174 p. | ||
| 942 | _cBK | ||
| 999 |
_c175996 _d175996 |
||